Biggest Cities of the Kingdom of Sicily with a Map - Statistics

General Stats
  • This quiz has been taken 128 times
  • The average score is 11 of 30
Answers on the Map
Answers color-coded by a green-red scale on the quiz's map according to % correct below.
 
Answer Stats
Population Cities % Correct
33,000 Naples
100%
50,000 Palermo
96%
40,000 Messina
92%
13,000 Bari
86%
10,000 Catania
79%
10,000 Taranto
70%
13,000 Salerno
58%
13,000 Brindisi
57%
8,000 Agrigento
47%
15,000 Trapani
45%
20,000 L'Aquila
43%
9,000 Capua
38%
17,000 Barletta
33%
18,000 Corleone
33%
8,000 Crotone
33%
8,000 Terranova (Gela)
30%
9,000 Matera
27%
15,000 Trani
23%
8,000 Chieti
21%
11,000 Monopoli
18%
10,000 Aversa
14%
9,000 Vieste
14%
17,000 Lucera
11%
8,000 Piazza Armerina
11%
12,000 Bitonto
10%
10,000 Lanciano
10%
10,000 Sulmona
9%
15,000 Melfi
8%
8,000 Ortona
7%
10,000 Polizzi Generosa
4%
No matching quizzes found
Score Distribution
Percent of People with Each Score
Percentile by Number Answered
Your Score History
You have not taken this quiz